FlightReacts Quiz - Statistics

General Stats
  • This quiz has been taken 354 times
    350 since last reset
  • The average score is 12 of 25
Answer Stats
Hint Answer % Correct
Finish the quote: FTC Flight team _______ Stand UP
97%
What NBA player does Flight glaze? Steph Curry
96%
What month is prime Flight? JUNE
88%
What team does Flight support? Warriors
77%
Finish the lyric: You ain't nothin but a __________ Broke boi
74%
Which Youtuber is a good friend of Flight who glazes Lebron? Cash Nasty
71%
What does Flight say when he greens a shot? Irish spring green green
69%
How much Youtube channels does flight have? 2
67%
What animal does Flight sound like when he laughs? Dolphin
67%
Finish the quote: Look at curry man ____________ So inspirational
61%
Which NBA player does Flight hate on the most? Rudy Gobert
56%
What is the name of medicinal substance does Flight sell? The Duttpack
54%
What does FTC stand for? Flight Team Crew
49%
Who is the person in a Youtube group Flight is disgusted by? Kris Tyson
46%
In the basketball 1v1s what does Flight do when he does a good play? Instant replay
39%
What team does Flight always say a player should go to? The Heat
32%
What Flight song has the most streams? Disingenuous
30%
Finish the quote: Is that ________? Butter
26%
What is Flight's nickname? Dutt Reacts
17%
Who does Flight beef with the most? Solluminati
17%
What kick streamer did Flight recently collab with? YourRage
15%
What is Flight's most famous excuse? But the cameras were off
10%
What is Flight's nickname when he is watching an educational video? Education Reacts
9%
What famous meme was Flight in? Flight takes a break
8%
What is Flight's peak form when he in his basketball games? Shirtless
6%
No matching quizzes found
Score Distribution
Percent of People with Each Score
Percentile by Number Answered
Your Score History
You have not taken this quiz since the last reset